000 00751nam a2200265Ia 4500
001 Para_5263
003 CHAP
008 220125s1920 xx 000 0 und d
010 _a204627
040 _cCHAP
090 _aPA FOLLETO 2604
100 _aBack, E. A
_99300
245 _aBook-lice or Psocids :
_b annoying household pests /
_c E. A. Back
260 _aWashington :
_b Department of Agriculture
300 _a4 p.
440 _aEUA. Dept. of Agriculture Farmers' bull.; 1104
_9170572
650 _aPsocidae Plagas domésticas
_9170573
901 _aPA FOLLETO 2604
902 _aA
905 _a0000001920 WAS 0000000000 00
910 _a1920
942 _cPARA
942 _cPARA
_d1
999 _c204627
_d204627